000 00578nam a2200229Ia 4500
003 OSt
005 20220924144754.0
006 a|||||r|||| 00| 0
007 ta
008 220923b |||||||| |||| 00| 0 urd d
024 _a321401
037 _cTextual
040 _aARTS
_cARTS
_burd
041 _2urd
_aurd
082 _aQ7:21,1, 168G4
100 _aAhmad Idrees Au.
_9218389
245 0 _aMuajazah Quran Majeed
260 _c1934
650 _aQURAN
_933479
942 _hQ7:21,1, 168G4
_cTEXL
_2CC
999 _c458238
_d458238